Vista normal Vista MARC

Entrada Materia (tema)

Número de registros utilizados en: 2

001 - CONTROL NUMBER

  • control field: 44881

003 - CONTROL NUMBER IDENTIFIER

  • control field: Co-BoUCM

005 - DATE AND TIME OF LATEST TRANSACTION

  • control field: 20130911101336.0

008 - FIXED-LENGTH DATA ELEMENTS

  • fixed length control field: 130911|| aca||aabn | a|a d

040 ## - CATALOGING SOURCE

  • Original cataloging agency: Co-BoUCM
  • Transcribing agency: Co-BoUCM

150 ## - HEADING--TOPICAL TERM

  • Topical term or geographic name as entry element: Guerra del Golfo Pérsico, 1991
  • General subdivision: Aspectos políticos

670 ## - SOURCE DATA FOUND

  • Source citation: Work cat.: (Co-BoUCM)180447: Khoury Rizk, Dina 44879, Iraq in wartime: soldiering, martyrdom, and remembrance, 2013